Online
Catalog

La escuela como ámbito de riesgo para adolescentes con conductas divergentes : (Record no. 51945)

MARC details
000 -CABECERA
campo de control de longitud fija 00929nam a2200265 a 4500
001 - NÚMERO DE CONTROL
campo de control 000007060
003 - IDENTIFICADOR DEL NÚMERO DE CONTROL
campo de control DO-SdBNP
005 - FECHA Y HORA DE LA ÚLTIMA TRANSACCIÓN
campo de control 20240430192715.0
007 - CAMPO FIJO DE DESCRIPCIÓN FÍSICA--INFORMACIÓN GENERAL
campo de control de longitud fija ta
008 - DATOS DE LONGITUD FIJA--INFORMACIÓN GENERAL
campo de control de longitud fija 090904t2018 dr r 001 0 spa d
020 ## - NÚMERO INTERNACIONAL ESTÁNDAR DEL LIBRO
ISBN cancelado o inválido 9789945913507
040 ## - FUENTE DE LA CATALOGACIÓN
Centro catalogador/agencia de origen DO-SdBNP
Lengua de catalogación spa
Centro/agencia transcriptor BNPHU
082 ## - NÚMERO DE LA CLASIFICACIÓN DECIMAL DEWEY
Número de clasificación 080
Número de documento/Ítem G216e
100 ## - ENTRADA PRINCIPAL--NOMBRE DE PERSONA
Nombre de persona García Márquez, Lilian Natividad
9 (RLIN) 81795
245 00 - MENCIÓN DE TÍTULO
Título La escuela como ámbito de riesgo para adolescentes con conductas divergentes :
Resto del título tesis doctoral /
Mención de responsabilidad, etc. Lilian Natividad García Márquez ; edición de Almánzar Rodríguez
260 ## - PUBLICACIÓN, DISTRIBUCIÓN, ETC.
Lugar de publicación, distribución, etc. Santo Domingo :
Nombre del editor, distribuidor, etc. Duráan,
Fecha de publicación, distribución, etc. 2018.
300 ## - DESCRIPCIÓN FÍSICA
Extensión 380 p. :
Dimensiones 28 cm.
Otras características físicas graf.
590 ## - NOTA LOCAL (RLIN)
Nota local Inventariado,2018/DG
600 14 - PUNTO DE ACCESO ADICIONAL DE MATERIA--NOMBRE DE PERSONA
Nombre de persona PINA (FAMILIA)
Subdivisión general COLECCIONES DE ESCRITOS
9 (RLIN) 19629
650 #0 - PUNTO DE ACCESO ADICIONAL DE MATERIA--TÉRMINO DE MATERIA
Término de materia o nombre geográfico como elemento de entrada Tesis y disertaciones académicas
9 (RLIN) 19630
700 1# - PUNTO DE ACCESO ADICIONAL--NOMBRE DE PERSONA
Nombre de persona Pina Acevedo, Ramón,
Término indicativo de función/relación comp.
9 (RLIN) 19631
700 1# - PUNTO DE ACCESO ADICIONAL--NOMBRE DE PERSONA
Nombre de persona Prestol, Miguel Ángel,
Término indicativo de función/relación pról.
9 (RLIN) 6419
910 ## - DATOS DE OPCIÓN DEL USUARIO (OCLC)
Datos de opción del usuario DG
942 ## - ELEMENTOS DE PUNTO DE ACCESO ADICIONAL (KOHA)
Fuente del sistema de clasificación o colocación Dewey Decimal Classification
Tipo de ítem Koha Libro
Holdings
Estado de retiro Estado de pérdida Fuente del sistema de clasificación o colocación Restricciones de uso No para préstamo Código de colección Localización permanente Ubicación/localización actual Ubicación en estantería Fecha de adquisición Total de préstamos Signatura topográfica completa Código de barras Fecha visto por última vez Precio válido a partir de Tipo de ítem Koha Número de copia
    Dewey Decimal Classification Préstamo en sala   Monografías: Libros y Folletos Biblioteca Nacional Pedro Henríquez Ureña Dominicana En catalogación     BNPHU DS 080 G216e 2022-2771 07.06.2022 07.06.2022 Libro e.3
    Dewey Decimal Classification Excluido de préstamo   Monografías: Libros y Folletos Biblioteca Nacional Pedro Henríquez Ureña Patrimonio Dominicano En catalogación     BNPHU PD 080 G216e 2022-2769 07.06.2022 07.06.2022 Libro  
    Dewey Decimal Classification Excluido de préstamo   Monografías: Libros y Folletos Biblioteca Nacional Pedro Henríquez Ureña Patrimonio Dominicano En catalogación     BNPHU PD 080 G216e 2022-2770 07.06.2022 07.06.2022 Libro e.2

Powered by Koha